| 000 | 00513nam a22001457a 4500 | ||
|---|---|---|---|
| 999 |
_c20294 _d20294 |
||
| 008 | 240515b ||||| |||| 00| 0 eng d | ||
| 020 | _a9711601192 | ||
| 082 |
_aDFil 342.02 _bP28 1996 |
||
| 100 |
_aPaulino, Benjamin P. _957118 |
||
| 245 |
_aThe new constitution annotated and commented / _cBenjamin P. Paulino. |
||
| 260 |
_aQuezon City : _bCentral Professional Books, Inc., _c©1996. |
||
| 300 |
_av, 459 pages : _billustrations ; _c22 cm. |
||
| 650 |
_aConstitutions _yPhilippines. _957235 |
||
| 942 |
_2ddc _cDFIL |
||